منهج التربية النبوية للطفل : (رقم التسجيلة. 41781)

تفاصيل مارك
000 -الفاتح
عناصر البيانات ثابتة الطول 00980cam a2200205 i 4500
005 - تاريخ ووقت آخر معاملة
حقل ضبط 20251215093320.0
008 - عناصر البيانات ثابتة الطول
عناصر البيانات ثابتة الطول 250721s1998 sy gr 000 0 ara d
082 14 - رقم تصنيف ديوي العشري
رقم التصنيف 216.532
رقم المادة س و ي
100 1# - مدخل رئيسي – اسم شخصي
الاسم الشخصي سويد، محمد نور بن عبد الحفيظ
علاقة الشخص بالعمل/ دوره مؤلف.
245 10 - بيان العنوان
العنوان منهج التربية النبوية للطفل :
بقية العنوان مع نماذج تطبيقية من حياة السلف الصالح و أقوال العلماء العاملين /
بيان المسؤولية تأليف محمد نور عبد الحفيظ سويد ؛ قدم له السادة الفضلاء الداعية ابو الحسن الندوي واخروون.
250 ## - بيان الطبعة
بيان الطبعة الطبعه الاولى.
264 31 - بيانات النشر، التوزيع…إلخ
مكان النشر، التوزيع...إلخ دمشق :
اسم الناشر، الموزع...إلخ دار إبن كثير،
تاريخ النشر، التوزيع...إلخ 1998.
264 31 - بيانات النشر، التوزيع…إلخ
مكان النشر، التوزيع...إلخ بيروت :
اسم الناشر، الموزع...إلخ دار إبن كثير،
تاريخ النشر، التوزيع...إلخ 1998
300 ## - الوصف المادي
عدد الوحدات المكونة للوعاء الجزء 1،
650 17 - مدخل إضافي بالموضوع - مصطلح موضوعي
مصطلح موضوعي أو اسم جغرافي كعنصر مدخل الإسلام.
650 17 - مدخل إضافي بالموضوع - مصطلح موضوعي
مصطلح موضوعي أو اسم جغرافي كعنصر مدخل الفقه الإسلامي.
650 17 - مدخل إضافي بالموضوع - مصطلح موضوعي
مصطلح موضوعي أو اسم جغرافي كعنصر مدخل رعاية الطفولة.
942 ## - بيانات إضافية (كوها)
نوع التنصيف Dewey Decimal Classification
نوع المادة (كوها) كتب
المقتنيات
حالة السحب حالة الفقدان مصدر التصنيف حالة التلف غير قابل للإعارة المكتبة الرئيسية المكتبة الحالية موقع الرف تاريخ التزويد الرقم المتسلسل Total Checkouts رقم الإستدعاء تاريخ آخر ظهور تاريخ الفاتورة نوع المادة (كوها) الباركود
    Dewey Decimal Classification Unchecked   المكتبة المركزية المكتبة المركزية الإعارة 06/07/2004 392481   216.532/سوي 28/07/2025 06/07/2004 كتب  
    Dewey Decimal Classification     المكتبة المركزية المكتبة المركزية الإعارة 06/07/2004 392480   216.532 / س و ي 28/07/2025 06/07/2004 كتب 392480
Implemented & Customized by: BBB with SCIT (Smart Chains for Information Technology)

Powered by Koha